000 00838nam a2200205 a 4500
001 000014083
005 20240422101417.0
008 091204s1928 xxu 001 0 spa d
040 _aDO-SdBNP
_bspa
_cBNPHU
082 _a972.9305
_bW449n
100 1 _aWelles, Benjamin Sumner,
_d1892-1961
_931871
245 1 0 _aNaboth's vineyard :
_bthe Dominican Republic 1844 - 1924 /
_cSumener Welles.
260 _aNew York :
_bPayson & Clarke,
_c1928.
300 _a2 v. :
_bil. ;
_c23 cm.
500 _aIncluye notas al pie de las páginas.
651 0 _aRepública Dominicana --
_xHistoria --
_yOcupación norteamericana, 1916-1924
_91926
651 4 _aRepública Dominicana
_xRelaciones Exteriores
_zEstados Unidos
_96308
651 4 _aEstados Unidos
_xRelaciones Exteriores
_zRepública Dominicana
_96309
910 _aValidado. Control de calidad BNPHU
999 _c13685
_d13685